Statistics for EFL Championship Teams Quiz

Click here to take the quiz!

General Stats

  • This quiz has been taken 28 times
  • The average score is 16 of 24

Answer Stats

Answer% Correct
Huddersfield Town FC
82%
Birmingham City FC
79%
Fulham FC
79%
AFC Bournemouth
75%
Sheffield United FC
75%
Cardiff City FC
71%
Queens Park Rangers FC
71%
Swansea City FC
71%
Barnsley FC
68%
Blackpool FC
68%
Bristol City FC
68%
Luton Town FC
68%
Reading FC
68%
Derby County FC
64%
Hull City AFC
64%
Nottingham Forest FC
64%
Blackburn Rovers FC
61%
Coventry City FC
61%
Middlesbrough FC
61%
Preston North End FC
61%
West Bromwich Albion FC
57%
Millwall FC
54%
Peterborough United FC
54%
Stoke City FC
54%

Score Distribution

Percentile by Number Answered

Percent of People with Each Score

Your Score History

You have not taken this quiz